000 00679nam a2200241Ia 4500
008 160319s9999 xx 000 0 und d
020 _a9789712721182
050 _a646.78
050 _bC216f 2008
100 _aCarandang, Ma. Lourdes A.
245 _a The Filipino family surviving the world :
245 _bpsychological essays on the family /
245 _cMa. Lourdes A. Carandang.
260 _aManila :
260 _bAnvil,
260 _c2008
300 _ax, 124 pages :
300 _billustrations ;
300 _c23 cm.
650 _aFamily -- Philippines.
650 _aFamily -- Sociological aspects.
700 _aChua, Queena N. Lee., author
999 _c292154
_d292154